高島屋の最寄り駅(日本国内のみ) - Statistics

General Stats
  • This quiz has been taken 385 times
  • The average score is 8 of 20
Answer Stats
Hint Answer % Correct
関東 新宿
81%
中部 名古屋
81%
関東 日本橋/東京
75%
関東 横浜
75%
関東 大宮
64%
近畿 なんば/大阪難波
61%
中国 岡山
50%
関東 高崎
44%
四国 松山市
41%
中部 岐阜
40%
関東
39%
関東 立川
37%
近畿 京都河原町/祇園四条
36%
関東 二子玉川
22%
近畿 堺東
16%
中国 米子
14%
近畿 泉ヶ丘
9%
九州 中洲川端
9%
近畿 洛西口/桂川/桂
8%
関東 流山おおたかの森
3%
No matching quizzes found
Score Distribution
Percent of People with Each Score
Percentile by Number Answered
Your Score History
You have not taken this quiz